Geometry, its elements & structure
Αποθηκεύτηκε σε:
| Κύριοι συγγραφείς: | , |
|---|---|
| Μορφή: | Βιβλίο |
| Γλώσσα: | English |
| Δημοσίευση: |
Mineola, New York :
Dover Publications, Inc.,
2014.
|
| Έκδοση: | 2η εκδ. |
| Σειρά: | Dover books on mathematics
|
| Θέματα: | |
| Ετικέτες: |
Προσθήκη ετικέτας
Δεν υπάρχουν, Καταχωρήστε ετικέτα πρώτοι!
|
MARC
| LEADER | 00000nam a2200000 a 4500 | ||
|---|---|---|---|
| 001 | 1/112431 | ||
| 008 | 161130r20141972nyu| ||| |||| ||eng|| | ||
| 020 | |a 9780486492674 | ||
| 020 | |a 0486492672 | ||
| 040 | |a GR-MyUa |b gre |c GR-MyUa |e AACR2 | ||
| 041 | 0 | |a eng | |
| 082 | 7 | |a 516.2 |2 (23) | |
| 100 | 1 | |a Posamentier, Alfred S. | |
| 245 | 1 | 0 | |a Geometry, its elements & structure / |c Alfred S. Posamentier, Robert L. Bannister. |
| 250 | |a 2η εκδ. | ||
| 260 | |a Mineola, New York : |b Dover Publications, Inc., |c 2014. | ||
| 300 | |a xii, 612 σ. : |b σχέδια ; |c 24 εκ. | ||
| 490 | 1 | |a (Dover books on mathematics) | |
| 500 | |a "This Dover edition, first published in 2013, is an unabridged republication of the 1977 second edition of the work originally published in 1972 by the McGraw-Hill Book Company, New York"--Preliminaries. | ||
| 504 | |a Περιέχει ευρετήριο. | ||
| 650 | 0 | |a Geometry. | |
| 700 | 1 | |a Bannister, Robert L. |e aut | |
| 830 | 0 | |a Dover books on mathematics | |
| 852 | |a INST |b SAMOS |e 20161130 |h 516.2 POS |p 005300043998 |q 005300043998 |t BK |y 0 | ||
| 922 | |a 3ΕΛΗ |b 201610 |c Τμήμα Μαθηματικών/Μεταπτυχιακό |d Bookpath | ||
| 970 | |a Κοσιέρης |b Χρήστος |z 3011-2016 | ||